Misticismo y física moderna

Guardat en:
Dades bibliogràfiques
Autor principal: Talbot, Michael (Autor)
Format: Llibre
Idioma:espanyol
Publicat: Barcelona Kairós 1990
Edició:2a. ed
Matèries:
Etiquetes: Afegir etiqueta
Sense etiquetes, Sigues el primer a etiquetar aquest registre!

MARC

LEADER 00000nam a2200000 a 4500
001 UCQ8077
003 CL-VaPUC
008 981127e19900000SP |||||||||||||||||spa|d
082 0 4 |a 530.01  |b TAL  |2 21 
100 0 |a Talbot, Michael  |e author  |9 421933 
245 1 0 |a Misticismo y física moderna 
250 |a 2a. ed 
300 |a 212 p 
942 |c BK 
945 |d 19981127 00:00:00  |a crobeson 
260 |a Barcelona  |b Kairós  |c 1990 
650 0 |a Física   |9 227844 
650 0 |a Misticismo  |9 265505 
650 0 |a Física teórica  |9 345827 
650 7 |a FUNDAMENTOS DE FISICA  |2 CL-VaPUC  |9 421934 
650 7 |a CSOMOLOGIA  |2 CL-VaPUC  |9 421935 
583 |a last modification  |c 19981127 00:00:00  |k Rodrigo Vera 
999 |c 277435  |d 277433